LDR 00639naa#a2200181#i#450# 001 EN\\bibl\120773 005 20260419130845.7 011 ## _a2687-0185 100 ## _a20260416b2026####ek#y0engy0150####ca 102 ## _aRU 200 1# _aManagement accounting: tools for forming a marketing strategy in agriculture _eJournal article 210 1# _aMoscow _cMoscow University of the Ministry of Internal Affairs of Russia named after V.Ya. Kikot _d2026 215 ## _a10 с. 608 ## _aJournal article _2local 700 #1 _aHosiev _gBoris Nikolaevich 700 #1 _aOstaev _gGamlet Yakovlevich 700 #1 _aEriashvili _gNodari Darchoevich 856 4# _amosumvd.editorum.ru _u